000 00509nam a2200181Ia 4500
999 _c30114
_d30114
003 OSt
005 20210105160519.0
008 190216s9999||||xx |||||||||||||| ||und||
020 _a9789384638016
040 _coclc
082 _a894.8128
_bACH/V
100 _aAchari, R V
_97982
245 0 _aVasthu Andhaviswasamo /
_cR V Achari
260 _bProgress Publication,
_c2015:
_aCalicut:
300 _a96p
650 _aMalayalam
942 _cBK
_2ddc
_h894.8128
_iACH/V
_k894.8128
_mACH/V